00702nam a22001577a 4500003000900000005001700009008004100026040001300067100005000080245009000130250000600220260005300226300002100279490001900300520022500319IT-RoPau20220918175937.0121214b xxu||||| |||| 00| 0 eng d cIT-RoPau aAlberione GiacomoqFondatore Famiglia Paolina aFormarsi in Cristo - Donec formetur Christus in vobis.bMeditazioni del Primo Maestro aI aRomabCasa generalizia società San Paoloc2001 a319 p.c21, 5 cm aOpera OmniavI aSOMMARIO AVVERTENZE SIGLE INTRODUZIONE PRESENTAZIONE DONEC FORMETUR CHRISTUS IN VOBIS PREAMBOLO VITA PURGATIVA VITA ILLUMINATIVA VIA UNITIVA MEZZI DI GRAZIA APOSTOLATO STAMPA NOZIONI UTILI APPENDICE ALLEGATI INDICI